| 000 | 00923cam a2200277 a 4500 | ||
|---|---|---|---|
| 999 |
_c7908 _d7908 |
||
| 001 | 13343900 | ||
| 003 | GBCCL | ||
| 005 | 20241126110639.0 | ||
| 008 | 030915s2003 nyu 000 0 eng d | ||
| 010 | _a 2003273498 | ||
| 020 | _a0195167465 (pbk.) | ||
| 035 | _a(OCoLC)ocm52860852 | ||
| 040 |
_aIYU _cIYU _dDLC |
||
| 042 | _alccopycat | ||
| 050 | 0 | 0 |
_aPE1591 _b.O923 2003 |
| 082 | 0 | 0 |
_a423 _222 _bOXF |
| 245 | 0 | 4 | _aThe Oxford essential thesaurus. |
| 250 | _aAmerican ed. | ||
| 260 |
_aNew York : _bOxford University Press, _cc2003. |
||
| 300 |
_aix, 516 p. ; _c18 cm. |
||
| 650 | 0 |
_aEnglish language _xSynonyms and antonyms. _912364 |
|
| 856 | 4 | 2 |
_3Publisher description _uhttp://www.loc.gov/catdir/enhancements/fy0635/2003273498-d.html |
| 906 |
_a7 _bcbc _ccopycat _d2 _encip _f20 _gy-gencatlg |
||
| 942 |
_2ddc _cREF |
||